| 000 | 01119nam a2200289Ia 4500 | ||
|---|---|---|---|
| 001 | ebr10595354 | ||
| 003 | CaPaEBR | ||
| 006 | m u | ||
| 007 | cr cn||||||||| | ||
| 008 | 111102s2012 inu s 001 0 eng d | ||
| 020 | _z9781118324073 | ||
| 020 | _z9781118463871 | ||
| 040 |
_aCaPaEBR _cCaPaEBR |
||
| 035 | _a(OCoLC)810269518 | ||
| 050 | 1 | 4 |
_aTK7885.54 _b.P95 2012eb |
| 100 | 1 | _aPyles, James. | |
| 245 | 1 | 0 |
_aCompTIA A+ complete lab manual _h[electronic resource] / _cJames Pyles. |
| 260 |
_aIndianapolis, IN : _bWiley, _c2012. |
||
| 300 | _axlviii, 358 p. | ||
| 500 | _aIncludes index. | ||
| 533 |
_aElectronic reproduction. _bPalo Alto, Calif. : _cebrary, _d2011. _nAvailable via World Wide Web. _nAccess may be limited to ebrary affiliated libraries. |
||
| 650 | 0 |
_aComputer technicians _xCertification _xExaminations _vStudy guides. |
|
| 650 | 0 |
_aMicrocomputers _xExaminations _vStudy guides. |
|
| 655 | 7 |
_aElectronic books. _2local |
|
| 710 | 2 | _aebrary, Inc. | |
| 856 | 4 | 0 |
_uhttp://site.ebrary.com/lib/rucke/Doc?id=10595354 _zAn electronic book accessible through the World Wide Web; click to view |
| 999 |
_c219052 _d219052 |
||